Регионална библиотека "Любен Каравелов" - Русе

Кратка история на Америка (Запис номер 45043)

MARC детайли
000 -Лидер
Контролно поле с фиксирана дължина 01249nam a2200349 c 4500
003 - Код на организацията, давaща контролен номер
Контролно поле BLK
005 - Дата и час на последна редакция
Контролно поле 20180420221612.0
008 - Елементи от данни с фиксирана дължина
fixed length control field 180408b bul|||||r ||||||| ||bul||
010 ## - Наследен системен номер
LC control number KNG00048823000
020 ## - Международен стандартен номер на книга ISBN
Международен стандартен номер на книга ISBN 954-742-079-8
-- издат.: Слънце
040 ## - Източник на каталожния запис
Идентификатор на билиотеката - собственик на записа BLK
041 ## - Код за език
Код за езика на текст/звукозапис или на отделно заглавие Български
Код за езика КДБФ Български
080 ## - УДК
Текстов определител УДК История на САЩ
УДК код - определител по УДК 973
УДК определител
УДК - код + определител 973
100 1# - Редна дума - Автор
Автор Аксълрод, Алън
Авторска отговорност първи автор
R(LIN) 29904
139 ## - Редно поле
Редна дума Аксълрод, Алън
Авторски знак Аксе - А 44
245 10 - Сведения за заглавието
Заглавие Кратка история на Америка
Редно поле (дума) Алън Аксълрод; прев. от англ. Аглика Маркова.
257 ## - Страна на издаване
Страна на създаване/издаване Съединени американски щати
260 ## - Област на издателските данни
-- София
Име на издателя, разпространителя и проч. Слънце
Година на издаване 2005
Печатница София : Инвестпрес
300 ## - Физическа характеристика
Страници 455 с.
Размери/Мащаб 21 см
380 ## - Жанр
Жанр История
490 1# - СЕРИИ (Колекции)
Име на серия Поредица Поглед към САЩ
500 ## - Общи забележки
Забележка Ориг. загл. American hisjory A.S.A.P. (as soon as possible) / Alan Axeirod
650 #4 - Допълнително описание по предмет – тема
Основно описание – тема или топоним САЩ - история
9 (RLIN) 262032
653 ## - Ключова дума – ненормативна
Ключова дума история
653 ## - Ключова дума – ненормативна
Ключова дума САЩ
700 1# - Други автори (авторска отговорност)
Лично име Маркова, Аглика
Автороска отговорност (Описва отношението между автора и произведението) прев. от англ.
9 (RLIN) 255951
852 ## - Местоположение
Форматна сигнатура Цб 222858
856 4# - Електронен адрес и достъп
Електронен формат pdf - файл
Път до файла /url/
856 4# - Електронен адрес и достъп
Електронен формат pdf - файл
Път до файла /url/
942 ## - АРТИКУЛИ
Вид на библиотечния материал Книги
Скрит в OPAC Не
944 ## - СЪЗДАВАНЕ И РЕДАКЦИЯ на ЗАПИСА
Създаване/Редакция Създаване
Дата на регистрацията/редакция 17.03.2005
Служител, извършил регистрацията/редакцията Геновева_Генчева
944 ## - СЪЗДАВАНЕ И РЕДАКЦИЯ на ЗАПИСА
Създаване/Редакция Редакция
Дата на регистрацията/редакция 21.06.2006
Служител, извършил регистрацията/редакцията
999 ## - СИСТЕМНИ КОНТРОЛНИ НОМЕРА
Koha biblionumber 45043
Koha biblioitemnumber 45043
Наличности
Код за отписване Код за изгубен артикул Източник на класификационната схема Код за повреда Коз за рестрикции Код за отдаване Артикулен № Име на библиотеката - собственик Име на библиотеката, в която се намира в момента Статус (Текущо местоположение) Дата на вписване в системата Местоположение - отдел Цена в лева Инвентарен номер Систематично азбучна сигнатура Баркод Номер на екземпляра Цена в евро Служебна бележка Служебен тип на артикула
  Не е изгубен Universal Decimal Classification Не е повреден без рестрикции ползва се в читалня 70957 Регионална библиотека "Любен Каравелов" Русе Регионална библиотека "Любен Каравелов" Русе Читалня 2005-03-17 Читалня 10.00 120000692311 Ч 93/94/А 44 А 120000692311 1 5.11 Дост: Pk Вид: Ф N: 8900 Дата: 16.03.2005 Дата инв: 28.03.2017 Бележки инв: Ч2017 Книги
  Не е изгубен   Не е повреден без рестрикции ползва се в читалня 70958 Регионална библиотека "Любен Каравелов" Русе Регионална библиотека "Любен Каравелов" Русе Хранилище 2006-06-15 Хранилище 10.00 120000703053 Цб 222858 120000703053 2 5.11 Дост: Dp Вид: Д N: 24 Дата: 01.06.2005 Книги
Vip Innovations Ltd, Rousse, Bulgaria 2025